000
00322nam a22001337a 4500
008
180925b xxu||||| |||| 00| 0 eng d
020
_a
9781118147979
041
_a
eng
080
_a
912
100
_a
42
101
_a
GJE
245
_a
Alon E In the Universe Why Our Planet Is Unique
_c
John.G
942
_2
udc
_c
BK
999
_c
48424
_d
48424